000 00630cam a2200217 4500
001 J100377
008 000000n1999 000 0 eng u
035 _a(Sirsi) u100163
041 _aENG
110 _aFPDSavills
_93625
245 _aUK residential research bulletin. No.30 summer 1999
260 _aLondon
_bFPDSavills
_c1999
300 _a8p. ; 30cm.
650 _aHOUSE PRICES
650 _aRESIDENTIAL DEVELOPMENT
650 _aRESIDENTIAL INVESTMENT MARKET
650 _aRESIDENTIAL PROPERTY
_96266
690 _aPROPERTY-RESIDENTIAL PROPERTY-RESIDENTIAL PROPERTY MARKET
710 _aSavills
_92020
942 _n0
999 _c99624
_d99624